| 000 | 00678cam a22002411 4500 | ||
|---|---|---|---|
| 001 | 23575 | ||
| 003 | BD-RjUL | ||
| 005 | 20211209000939.0 | ||
| 008 | 140311s1950 nyu 000 0 eng d | ||
| 035 | _a(BD-RjUL)23640 | ||
| 035 | _a(OCoLC)759235 | ||
| 040 |
_aDLC _cMeU-P _dFM _dUk _dDLC _dBD-RjUL _beng |
||
| 041 | _aeng | ||
| 082 | 0 | 0 | _bGOM 1950 |
| 100 | 1 |
_aGould, Franklin Farrar, _d1878-1966. _972573 |
|
| 245 | 1 | 2 |
_aA Maine man in the making / _c Franklin Farrar Gould, |
| 260 |
_aNew York : _bHarper _cc1950 |
||
| 300 |
_aviii, 212 p. ; _c21 cm. |
||
| 600 | 0 |
_a Gould, Franklin Farrar. _972585 |
|
| 942 |
_2ddc _cBK |
||
| 999 |
_c23575 _d23575 |
||